| 000 | 00541nas a22001937a 4500 | ||
|---|---|---|---|
| 003 | IIN | ||
| 005 | 20250304105108.0 | ||
| 008 | 250304c |||gr|p| |||| 00| 0 eng d | ||
| 040 | _aIIN | ||
| 245 | _aInternational Journal of Obstetrics and Gynaecology Nursing | ||
| 260 |
_aChennai _bMcMed International _c2014 |
||
| 300 | _aVol. 1 No. 1 | ||
| 310 | _aBi-annual | ||
| 650 | _aNURSING - PERIODICAL | ||
| 650 | _aOBSTETRICS - PERIODICAL | ||
| 650 | _aGYNECOLOGY - PERIODICAL | ||
| 856 | _uhttps://mcmed.us/allissue/IJOGN | ||
| 942 |
_cSER _s1 |
||
| 999 |
_c1677 _d1677 |
||